000 04582nam a2200253 a 4500
001 000034165
005 20200930070829.0
008 110926s2000 dr ac 000 0 spa d
020 _a9993425117
040 _aDO-SdBNP
_bspa
_cBNPHU
082 _a789.92
_bR252a
100 1 _aRavelo de la Fuente, Julio Ernesto
_959583
245 1 0 _aApreciación musical :
_bnotas a los programas de la Orquesta Sinfónica Nacional /
_cJulio Ernesto Ravelo de la Fuente.
260 _aSanto Domingo :
_bInstituto Tecnológico de Santo Domingo,
_c2000.
300 _a715 p. :
_bil., retrs. ;
_c31 cm.
500 _aIncluye índice alfabético de obras: p. 679-714.
505 0 _gPrólogo --
_gAutores y sus obras --
_tAntonio Abreu (Toño) --
_tAdolphe Charles Adam --
_tIsaac Albeniz --
_tLuis Alberti --
_tTommaso Albinoni --
_tJuan Crisostomo de Arriaga --
_tJohann Sebastian Bach --
_tFrancois Bahuaud --
_tSamuel Barber --
_tBela Bartok --
_tLudwing Van Beethoven --
_tVicenzo Bellini --
_tAlban Berg --
_tIrving Berlin --
_tHector Berlioz --
_tLeonard Bernstein --
_tGeorges Bizet --
_tErnest Bloch --
_tArrigo Boito --
_tFrancois Borne --
_tAlexander Borodin --
_tAntonio Braga --
_tJohannes Brahms --
_tBenjamin Britten --
_tLeo Brouwer --
_tMax Bruch --
_tBienvenido Bustamante --
_tGermán Cáceres --
_tRafael de Jesús Campos --
_tInocente Carreño --
_tPablo Casals --
_tAlfredo Catalani --
_tJosé Dolores Ceron --
_tDomenico Cimarosa --
_tPablo Claudio --
_tAaron Copland --
_tPaul Creston --
_tDante Salvador Cucurullo Pérez --
_tEnmanuel Chabrier --
_tCecile Chaminade --
_tErnest Chausson --
_tCarlos Chavez --
_tFrederic Chopin --
_tClaude Debussy --
_tGaetano Donizetti --
_tAlbert Franz Doppler --
_tAntal Dorati --
_tPaul Dukas --
_tAntonin Dvorak --
_tEdward Elgar --
_tJustin Elie --
_tGeorges Enesco --
_tPaul Engel --
_tManuel de Falla --
_tPetronio Franceschini --
_tCesar Frank --
_tBillo Frometa --
_tJerzy (Jorge) Gablenz --
_tBlas Galindo --
_tJuan Francisco García --
_tOrlando Jacinto García --
_tGeorge Gershwin --
_tAlberto Ginastera --
_tAlexander Glazunov --
_tMikhail Ivanovitch Glinka --
_tChristoph Willibald Gluck --
_tEdvard Grieg --
_tCharles T. Griffes --
_tFerde Grofe --
_tGeorge Friedrich Haendel --
_tFranz Joseph Haydn --
_tJulio Alberto Hernández --
_tPaul Hindemith --
_tJohann Nepomuk Hummel --
_tRafael Ignacio --
_tCharles Ives --
_tAndre Jolivet --
_tDimitri Kabalevsky --
_tFrederick Kaufman --
_tUlysses Kay --
_tZoltan Kodaly --
_tEdouard Lalo --
_tNinon Lapereita --
_tRuggiero Leoncavallo --
_tFranz Liszt --
_tAna Margarita Luna --
_tGustav Mahler --
_tAlvaro Manzana --
_tEnrique de Marchena Dujarric --
505 0 _aGiuseppe Martucci --
_tPietro Mascagni --
_tJules Massenet --
_tEnrique Mejia Arredondo --
_tLuis E. Mena --
_tFelix Mendelssohn --
_tGiacomo Meyerbeer --
_tDarius Milhaud --
_tManuel M. Miniño Marion-Landais --
_tJose Antonio Molina --
_tRamón Antonio (Papa) Molina --
_tJose Pablo Moncayo --
_tXavier Monstsalvatge --
_tJuan Morel Campos --
_tSegundo Luis Moreno --
_tWolfgang Amadeus Mozart --
_tModeste Moussorgsky --
_tCarl Nielsen --
_tJacques Offenbach --
_tKarl Orff --
_tJohann Pachelbel --
_tJhon Knowles --
_tNicolo Paganini --
_tRoman E. Peña --
_tGiovanni Battista --
_tMiguel Pichardo Vicioso --
_tManuel Ma. Ponce --
_tFrancis Poulenc --
_tSergei Prokofieff --
_tGiacomo Puccini --
_tSergei Rachmaninoff --
_tJean Philipphe Rameau --
_tLuis Antonio Ramirez --
_tKurt Raft --
_tMaurice Ravel --
_tJosé de Jesús Ravelo --
_tCarl Reinecke --
_tOttorino Respighi --
_tSilvestre Revueltas --
_tNikolai Rimsky-Korsakov --
_tJoaquín Rodrigo --
_tGioacchino Rossini --
_tCamile Saint-Saens --
_tLuis Amaury Sánchez --
_tErik Satie --
_tKenneth Schermerhorn --
_tFranz Schubert --
_tRobert Schumann --
_tAlexander Scriabin --
_tDimitri Shostakovich --
_tJean Sibelius --
_tAna Silfa --
_tManuel Simo --
_tBedrich Smetana --
_tLuka Sorkocevic --
_tKarl Stamitz --
_tJohann (Hijo) Strauss --
_tRichard Strauss --
_tIgor Stravinsky --
_tFranz Von Suppe --
_tPeter Ilitch Tchaikovsky --
_tGiuseppe Torelli --
_tJoaquin Turina --
_tRalph Vaughan Williams --
_tGiuseppe Verdi --
_tJose Vianna Da Mota --
_tTomas Luis De Victoria --
_tHenri Vieuxtemps --
_tHector Villa-Lobos --
_tAntonio Vivaldi --
_tRichard Wagner --
_tCarl Maria Von Weber --
_tHenri Wieniawski --
_gApéndices :
_tAnexo A: Cursos de Cultura Musical dictados por el profesor Julio Ravelo dela Fuente en la Sala de la Cultura del Teatro Nacional --
_gReconocimientos --
_gBibliografía
590 _aInventariado, 2018/LP
650 4 _aComposición musical
_959584
650 4 _aCompositores
_xBiografías
_9946
650 4 _aMúsica orquestal
_958387
910 _aValidado. Control de calidad MMOLINA
999 _c33656
_d33656